Memoria: Seminario sobre Análisis de las Políticas del Sector Agropecuario y su Vinculación con la Situación de la Mujer Campesina /

সংরক্ষণ করুন:
গ্রন্থ-পঞ্জীর বিবরন
সংস্থা লেখক: Costa Rica. Secretaría Ejecutiva Planificación Sectorial de Desarrollo Agropecuario y Recursos Naturales, Instituto de Desarrollo Agrario (Costa Rica)
বিন্যাস: অজ্ঞাত
প্রকাশিত: San José: MIDEPLAN. IDA
ট্যাগগুলো: ট্যাগ যুক্ত করুন
কোনো ট্যাগ নেই, প্রথমজন হিসাবে ট্যাগ করুন!

MARC

LEADER 00000 a2200000 04500
001 14234
003
008 991231s d
040 |a CRAI/IIS  |c CRAI/IIS 
090 |a 021013  
110 |a Costa Rica. Secretaría Ejecutiva Planificación Sectorial de Desarrollo Agropecuario y Recursos Naturales  
245 |a Memoria: Seminario sobre Análisis de las Políticas del Sector Agropecuario y su Vinculación con la Situación de la Mujer Campesina /  |c Costa Rica. Secretaría Ejecutiva Planificación Sectorial de Desarrollo Agropecuario y Recursos Naturales  
260 |a San José:   |b MIDEPLAN. IDA  
300 |a 279 p. + anexo  
710 |a Instituto de Desarrollo Agrario (Costa Rica)  
999 |c 16008  |d 16008